000 00880nam a22002297a 4500
003 OSt
005 20260216054023.0
008 260216b |||||||| |||| 00| 0 eng d
020 _a978-971-513-388-3
040 _aDWC-Main lib
_cOC
082 _2 First edition
_aFil. 610.7368 R896t 2025
100 _aRubio, Rica Rose May A.
245 _aA text workbook on psychiatric and mental health nursing/
_cRica Rose May A. Rubio
250 _aFirst edition
260 _aQuezon City, Philippines:
_bAPD Educational Publishing House,
_c c2025.
300 _axiii,
_b197 pages;
_c27 cm.
504 _aIncludes bibliographical references and glossary.
650 _a1. Psychiatry--Examinations, questions, etc.
650 _a2. Mental health services -- Examinations, questions, etc.
700 _aDivina Grace M. Maruma
942 _2ddc
_cBK - FIL
_eFirst edition
_kFil.
_n0
999 _c8417
_d8417